Szczegóły MARC21

Logistyka : wstęp do problematyki /

003 -Nazwa inst., której nr kontr. jest w polu 001 [,]
    • @
    • Nazwa instytucji, której n kontrolny jest w polu 001
    • NUKAT
005 -DATA I CZAS OSTATNIEJ MODYFIKACJI [,]
    • @
    • pole kontrolne
    • 20260407152624.0
040 -Instytucja sporządzająca opis [ , ]
    • a
    • Instytucja, która sporządziła opis (NP)
    • WR U/kc
    • c
    • Instytucja, która sporządziła rekord (NP)
    • WR U/kc
    • d
    • Instytucja, która zmodyfikowała rekord (P)
    • WR U/dl
    • d
    • Instytucja, która zmodyfikowała rekord (P)
    • WA U/RBs
041 -Język dokumentu [0, ]
    • a
    • Język tekstu (P)
    • polski
    • b
    • Język streszczeń lub abstraktu (P)
    • angielski
942 -Rodzaj dokumentu [ , ]
    • c
    • Rodzaj dokumentu
    • Książka
100 -Hasło główne - nazwa osobowa [1, ]
    • a
    • Nazwa osobowa (NP)
    • Szałek, Benon Zbigniew
    • d
    • Daty biograficzne (NP)
    • (1948-2025).
    • 9
    • KHW
    • 45609
245 -Strefa tytułu i oznaczenia odpowiedzialności [1,0]
    • a
    • Tytuł
    • Logistyka : Find
    • b
    • Ciąg dalszy tytułu (NP)
    • wstęp do problematyki / Find
    • c
    • Pozostałe elementy strefy tytułu i oznaczenia odpowiedzialności (NP)
    • Benon Zbigniew Szałek.
260 -Strefa adresu wydawniczego [ , ]
    • a
    • Miejsce wydania (P)
    • Szczecin :
    • b
    • Nazwa wydawcy (P)
    • Wydawnictwo Naukowe Uniwersytetu Szczecińskiego,
    • c
    • Data wydania (P)
    • 1992.
300 -Strefa opisu fizycznego [ , ]
    • a
    • Określenie formy książki i/lub objętość (NP)
    • 203, [1] s. :
    • b
    • Oznaczenie ilustracji (NP)
    • rys. ;
    • c
    • Format (NP)
    • 24 cm.
336 -Typ zawartości [ , ]
    • a
    • Termin opisujący typ zawartości
    • Tekst
    • b
    • Kod określający zawartość
    • txt
    • 2
    • Źródło (terminu i kodu)
    • rdacontent
337 -Typ mediów [ , ]
    • a
    • Tryb odtwarzania
    • Bez urządzenia pośredniczącego
    • b
    • Kod typu mediów
    • n
    • 2
    • Źródło (terminu i kodu)
    • rdamedia
338 -Typ/rodzaj nośnika [ , ]
    • a
    • Hasło opisujące typ nośnika
    • Wolumin
    • b
    • Kod typu nośnika
    • nc
    • 2
    • Źródło (terminu i kodu)
    • rdacarrier
380 -Deskryptor - Forma dzieła (P) [ , ]
    • a
    • forma dzieła (NP)
    • Książki
490 -Strefa serii i książki wielotomowej - forma nie do wyszukiwania [1, ]
    • a
    • Tytuł (P)
    • Rozprawy i Studia / Uniwersytet Szczeciński, Find
    • x
    • ISSN (NP)
    • 0860-2751 ;
    • v
    • Numeracja (P)
    • t. (201) 127
830 -Hasło dodatkowe serii i opisu książki wielotomowej - tytuł ujednolicony/tytuł [ ,0]
    • a
    • Tytuł ujednolicony/tytuł (NP)
    • Rozprawy i Studia - Uniwersytet Szczeciński
    • x
    • ISSN
    • 0860-2751
    • v
    • Oznaczenie tomu (NP)
    • t. 127
    • 9
    • KHW
    • 700
504 -Uwaga dot. bibliogr. załącznikowej [ , ]
    • a
    • Uwaga dot. bibliografii załącznikowej
    • Bibliogr. s. [188]-203.
546 -Uwaga dot. języka [ , ]
    • a
    • Uwaga dot. języka
    • Streszcz. ang.
080 -Uniwersalna Klasyfikacja Dziesiętna [ , ]
    • a
    • Symbol klasyfikacji
    • 656
    • 9
    • UKD
    • 5535
    • 2
    • Identyfikator wydania tablic
    • UDC-P058
    • b
    • Dopowiedzenie
    • Transport. Poczta (Organizacja i eksploatacja).
650 -Hasło przedmiotowe [ ,7]
    • a
    • Hasło przedmiotowe
    • Logistyka gospodarcza
    • 2
    • Źródło terminu
    • DBN
    • 9
    • KHW
    • 725439
650 -Hasło przedmiotowe [ ,7]
    • a
    • Hasło przedmiotowe
    • Logistyka (organizacja).
    • 2
    • Źródło terminu
    • kaba
    • 9
    • KHW
    • 117660
980 -Symbol UKD [ , ]
    • a
    • UKD
    • 656
710 -Hasło dodatkowe - nazwa ciała zbiorowego [2, ]
    • a
    • Nazwa ciała zbiorowego lub nazwa geograficzna jako pierwszy element (NP)
    • Uniwersytet Szczeciński.
    • b
    • Nazwa jednostki podrzędnej (P)
    • Wydawnictwo Naukowe.
    • 4
    • Kod relacji
    • pbl
    • 9
    • KHW
    • 51208
Numer inwentarzowy Status udost. Lokalizacja Data inwentaryzacji
S.75107-6BE1996-03-08
S.75124-6BE1996-03-08
S.751352BE1996-03-08
S.751382BE1996-03-08
S.751542BE1996-03-08
S.751652BE1996-03-08
S.784502BE1996-03-08
S.784512BE1996-03-08
S.784522BE1996-03-08
S.784532BE1996-03-08
S.786292BE1996-07-01
S.786302BE1996-07-01
S.786312BE1996-07-01
S.786322BE1996-07-01
S.786342BE1996-07-01
S.75139-6BE1996-03-08
T.1719-2T2000-01-28
TS.81218-6T1997-10-16
TS.78633-6T1996-07-01
TS.78635-6T1996-07-01
TS.78636-6T1996-07-01
TS.78637-6T1996-07-01
TS.78628-6T1996-07-01
TS.75103-6T1996-03-08
TS.75104-6T1996-03-08
TS.75105-6T1996-03-08
TS.75106-6T1996-03-08
TS.75108-6T1996-03-08
TS.75109-6T1996-03-08
TS.75110-6T1996-03-08
TS.75111-6T1996-03-08
TS.75112-6T1996-03-08
TS.75113-6T1996-03-08
TS.75114-6T1996-03-08
TS.75115-6T1996-03-08
TS.75116-6T1996-03-08
TS.75117-6T1996-03-08
TS.75118-6T1996-03-08
TS.75119-6T1996-03-08
TS.75120-6T1996-03-08
TS.75121-6T1996-03-08
TS.75122-6T1996-03-08
TS.75123-6T1996-03-08
TS.75125-6T1996-03-08
TS.75126-6T1996-03-08
TS.75127-6T1996-03-08
TS.75128-6T1996-03-08
TS.75129-6T1996-03-08
TS.75130-6T1996-03-08
TS.75131-6T1996-03-08
TS.75132-6T1996-03-08
TS.75133-6T1996-03-08
TS.75134-6T1996-03-08
TS.75140-6T1996-03-08
TS.75141-6T1996-03-08
TS.75142-6T1996-03-08
TS.75143-6T1996-03-08
TS.75144-6T1996-03-08
TS.75145-6T1996-03-08
TS.75146-6T1996-03-08
TS.75147-6T1996-03-08
TS.75148-6T1996-03-08
TS.75149-6T1996-03-08
TS.75150-6T1996-03-08
TS.75151-6T1996-03-08
TS.75152-6T1996-03-08
TS.75153-6T1996-03-08
TS.75166-6T1996-03-08
TS.75167-6T1996-03-08
TS.75168-6T1996-03-08
TS.75169-6T1996-03-08
TS.75170-6T1996-03-08
TS.75171-6T1996-03-08
TS.75172-6T1996-03-08
TS.75136-6T1996-03-08
TS.75137-6T1996-03-08
TS.75155-6T1996-03-08
TS.75156-6T1996-03-08
TS.75157-6T1996-03-08
TS.75158-6T1996-03-08
TS.75159-6T1996-03-08
TS.75160-6T1996-03-08
TS.75161-6T1996-03-08
TS.75162-6T1996-03-08
TS.75163-6T1996-03-08
TS.75164-6T1996-03-08